000 00725nam a2200241 a 4500
001 000055594
005 20200120223126.0
008 990304s1984 ck gr 000 0 spa d
041 _aspa
090 _aAN
_bRIV 1984
100 0 _aRivera, José Eustasio
245 1 3 _aLa vorágine /
_cJosé Eustasio Rivera ; prólogo Juan Luis Panero.
250 _a1a. ed.
260 _aBogotá :
_bCirculo de lectores,
_c1984.
300 _a317 p.
490 0 _aJoyas de la literatura Colombiana
650 1 7 _aLiteratura colombiana
_2LEMB
650 2 7 _aNovela colombiana
_2LEMB
650 1 4 _aCrítica e interpretación
650 2 7 _aHistorias de aventuras
_2LEMB
650 1 4 _aNovela amorosa
700 1 _aPanero, Juan Luis,
_eProl.
999 _c5151
_d5151